[Event "Toamna"]
[Site "Balti"]
[Date "2007.11.04"]
[Round "2"]
[White "Negura, Alexandr"]
[Black "Susterman, Semion"]
[Result "0-1"]
[WhiteElo "2162"]
[BlackElo "2164"]
[PlyCount "88"]
[EventDate "2007.11.03"]
[EventType "tourn"]
[EventRounds "11"]
[EventCountry "MDA"]
[SourceTitle "EXT 2023"]
[Source "ChessBase"]
[SourceDate "2022.10.05"]
[SourceVersion "1"]
[SourceVersionDate "2022.10.05"]
[SourceQuality "1"]

1. e4 d5 2. exd5 Qxd5 3. Nc3 Qa5 4. d4 c6 5. Bc4 Nf6 6. h3 Bf5 7. Nf3 Nbd7 8. 0-0 e6 9. Bg5 0-0-0 10. a3 Bd6 11. b4 Qc7 12. b5 h6 13. Be3 Nb6 14. Bd3 Bxd3 15. cxd3 Nfd5 16. Nxd5 Nxd5 17. bxc6 bxc6 18. Qa4 f6 19. Rfc1 Kd7 20. Nd2 Rb8 21. Ne4 Rhc8 22. Bd2 Rb2 23. Bc3 Rb5 24. Bb4 Nxb4 25. axb4 Rxb4 26. Qd1 f5 27. Nxd6 Kxd6 28. d5 Kxd5 29. Qf3+ Ke5 30. Qe3+ Kf6 31. Re1 Qd6 32. Rxa7 Rd4 33. Qf3 g6 34. Qe3 f4 35. Qf3 h5 36. Qe2 Rb8 37. g4 fxg3 38. Rf1 Rxd3 39. h4 Qd4 40. Ra4 Qxa4 41. fxg3+ Ke7 42. Qxd3 Rb2 43. Qf3 Qd4+ 44. Kh1 Qd5 0-1